The Effective Change Manager The Change Management Body of Knowledge

Guardado en:
Detalles Bibliográficos
Formato: Libro
Lenguaje:inglés
Publicado: [New York] Change Management Institute 2022
Edición:2nd Edition
Materias:
Etiquetas: Agregar Etiqueta
Sin Etiquetas, Sea el primero en etiquetar este registro!

MARC

LEADER 00000nam a2200000 4500
001 0297191
005 20240416114213.6
020 |a 978-1-925171-02-0 
041 0 |a eng 
044 |a US 
245 1 0 |a The Effective Change Manager  |b The Change Management Body of Knowledge 
250 |a 2nd Edition 
264 1 |a [New York]  |b Change Management Institute  |c 2022 
300 |a 191 s. 
610 2 0 |a riadenie zmien 
610 2 0 |a zmeny organizačné 
610 2 0 |a manažéri 
610 2 0 |a plánovanie 
610 2 0 |a zdroje ľudské 
610 2 0 |a manažment finančný